Statistics for FIFA 19 Top 10 Goalkeepers

Click here to take the quiz!

General Stats

  • This quiz has been taken 442 times
  • The average score is 9 of 10

Answer Stats

RankPlayerOVA% Correct
4Manuel Neuer90
97%
1David De Gea91
95%
2Jan Oblak90
92%
3Thibaut Courtois90
92%
5Marc-André ter Stegen89
90%
10Ederson86
88%
8Gianluigi Buffon88
86%
9Keylor Navas87
79%
6Hugo Lloris88
78%
7Samir Handanovic88
71%

Score Distribution

Percentile by Number Answered

Percent of People with Each Score

Your Score History

You have not taken this quiz